000 00897cam a2200289 4500
001 25402
005 20260320092702.0
010 _a9722215752
021 _aPT
_b77214/94
090 _a25402
100 _a19941014d1994 m y0pory5003 ba
101 0 _apor
102 _aPT
105 _aa z 001yy
106 _ar
200 1 _aTerra de Valdevez e Montaria do Soajo
_ememória monográfica do concelho de Arcos de Valdevez
_fEugénio de Castro Caldas
210 9 _a[Lisboa]
_cVerbo
_dimp. 1994
215 _a385, [2] p., [22] f. il.
_cil.
_d24 cm
675 _a39
_vBN
_zpor
700 1 _aCaldas
_bEugénio de Castro
_f1914-1999
801 0 _aPT
_bBEDB
_gRPC
942 _n0
_cMON